000 00760cam a2200229 a 4500
001 1124645
005 20231117000242.0
008 940518s1995 nyu b 001 0 eng
020 _a0415907136
020 _a0415907144 (pbk.)
040 _aDLC
_cDLC
_dDLC
082 0 0 _a305.42/01
_220
245 0 0 _aFeminists read Habermas :
_bgendering the subject of discourse /
_cedited, and with an introduction by Johanna Meehan.
260 _aNew York :
_bRoutledge,
_c1995.
300 _aviii, 291 p. ;
650 0 _aFeminist theory.
650 0 _aCritical theory.
700 1 _aMeehan, Johanna.
_eedt
856 4 2 _uhttp://www.loc.gov/catdir/enhancements/fy0916/94020585-d.html
856 4 2 _uhttp://www.loc.gov/catdir/enhancements/fy1115/94020585-b.html
942 _cL
999 _c20
_d20